[Event "EU-ch Cities&Town (Women) op"]
[Site "Tornelo INT"]
[Date "2023.01.29"]
[Round "?"]
[White "Varveraki, Argiri"]
[Black "Sklavounou, Iliana"]
[Result "1-0"]
[WhiteElo "1404"]
[BlackElo "1296"]
[PlyCount "83"]
[EventDate "2023.01.29"]
[EventType "team-swiss"]
[EventRounds "9"]
[EventCountry "NET"]
[SourceTitle "CBM 212 Extra"]
[Source "ChessBase"]
[SourceDate "2023.03.31"]
[SourceVersion "1"]
[SourceVersionDate "2023.03.31"]
[SourceQuality "1"]
[WhiteTeam "Heraklion (W)"]
[BlackTeam "Corfu"]
[WhiteTeamCountry "GRE"]
[BlackTeamCountry "GRE"]

1. e4 c5 2. Nf3 d6 3. c3 Nf6 4. Bd3 Bg4 5. Bc2 Nc6 6. 0-0 e5 7. d3 Be7 8. h3 Bh5 9. Bg5 0-0 10. Bxf6 Bxf6 11. Nbd2 Re8 12. a4 Na5 13. g4 Bg6 14. Nc4 Nxc4 15. dxc4 Qc7 16. Ne1 Bg5 17. Ng2 Qc6 18. Re1 a6 19. h4 Bxh4 20. Nxh4 Rad8 21. a5 Re7 22. Re3 b5 23. cxb5 Qxb5 24. Nxg6 fxg6 25. b3 Kh8 26. Rf3 Qd7 27. Rd3 Rf7 28. Qd2 Qxg4+ 29. Rg3 Qe6 30. Qe2 Qc8 31. Bd3 Ra7 32. Bc4 Rf8 33. Kh2 Qc6 34. Bd5 Qb5 35. Qxb5 axb5 36. a6 Rxf2+ 37. Kg1 Rf8 38. Kg2 Rb8 39. Rf3 h6 40. Rf7 Rxf7 41. Bxf7 Ra8 42. a7 1-0

[Event "GRE-chT 49th"]
[Site "Thessaloniki"]
[Date "2022.08.17"]
[Round "7.7"]
[White "Ergazaki, Eirini"]
[Black "Sklavounou, Iliana"]
[Result "1-0"]
[WhiteElo "1654"]
[BlackElo "1387"]
[PlyCount "67"]
[EventDate "2022.08.12"]
[EventType "team-swiss"]
[EventRounds "7"]
[EventCountry "GRE"]
[SourceTitle "CBM 209 Extra"]
[Source "ChessBase"]
[SourceDate "2022.09.30"]
[SourceVersion "1"]
[SourceVersionDate "2022.09.30"]
[SourceQuality "1"]
[WhiteTeam "OFI"]
[BlackTeam "Kerkeras"]
[WhiteTeamCountry "GRE"]
[BlackTeamCountry "GRE"]

1. e4 c5 2. Nf3 d6 3. d4 cxd4 4. Nxd4 Nf6 5. Nc3 a6 6. Bg5 e5 7. Nf5 Bxf5 8. Bxf6 Qxf6 9. Nd5 Qd8 10. exf5 Nd7 11. g3 Nb6 12. Bg2 Rb8 13. 0-0 Be7 14. Nxe7 Qxe7 15. f4 0-0 16. fxe5 dxe5 17. f6 Qc5+ 18. Kh1 g6 19. Qd2 Rfd8 20. Qh6 Qf8 21. Qg5 Re8 22. Rae1 h6 23. Qg4 Kh7 24. Be4 Qd6 25. Qh4 Qd2 26. g4 Qg5 27. Qg3 h5 28. gxh5 Qxh5 29. Bf3 Qh6 30. Re4 g5 31. Rxe5 Rxe5 32. Qxe5 Rc8 33. Bxb7 Qh3 34. Rg1 1-0

[Event "GRE-chT U16"]
[Site "Thessaloniki"]
[Date "2021.12.18"]
[Round "4.1"]
[White "Anagnostopoulos, Vasileios NA"]
[Black "Sklavounou, Iliana"]
[Result "1/2-1/2"]
[WhiteElo "1411"]
[BlackElo "1337"]
[PlyCount "55"]
[EventDate "2021.12.16"]
[EventType "team-swiss"]
[EventRounds "6"]
[EventCountry "GRE"]
[SourceTitle "CBM 205 Extra"]
[Source "ChessBase"]
[SourceDate "2022.01.31"]
[SourceVersion "1"]
[SourceVersionDate "2022.01.31"]
[SourceQuality "1"]
[WhiteTeam "Xanthis"]
[BlackTeam "Kerkiras"]
[WhiteTeamCountry "GRE"]
[BlackTeamCountry "GRE"]

1. c4 Nf6 2. g3 e6 3. Nf3 d5 4. d4 Be7 5. Bg2 0-0 6. 0-0 dxc4 7. Qc2 a6 8. a4 Nd5 9. Qxc4 Nd7 10. e4 N5b6 11. Qc2 a5 12. Be3 Nf6 13. h3 Bd7 14. Nbd2 Nxa4 15. Rxa4 Bxa4 16. Qxa4 Bb4 17. Qc2 h6 18. b3 Bxd2 19. Nxd2 Qe7 20. Rc1 Rfc8 21. Qc4 c6 22. Qc5 Qxc5 23. dxc5 a4 24. bxa4 Ra7 25. a5 Rxa5 26. Nc4 Ra4 27. Bd2 Rb4 28. Rc3 1/2-1/2

[Event "GRE-chT Online Rapid (Women) 1st"]
[Site "Tornelo INT"]
[Date "2021.02.21"]
[Round "9.7"]
[White "Chatzipanagiotou, Asimenia"]
[Black "Sklavounou, Iliana"]
[Result "1-0"]
[WhiteElo "1591"]
[BlackElo "1355"]
[PlyCount "121"]
[EventDate "2021.02.20"]
[EventType "team-swiss (rapid)"]
[EventRounds "9"]
[EventCountry "GRE"]
[SourceTitle "EXT 2023"]
[Source "ChessBase"]
[SourceDate "2022.10.05"]
[SourceVersion "1"]
[SourceVersionDate "2022.10.05"]
[SourceQuality "1"]

1. e4 c5 2. Nf3 d6 3. d4 cxd4 4. Nxd4 Nf6 5. Nc3 a6 6. Be3 e5 7. Nb3 Be7 8. f3 0-0 9. Qd2 Be6 10. g4 Re8 11. 0-0-0 Nc6 12. Nd5 Bf8 13. Bb6 Qd7 14. Nc7 Rac8 15. Nxe8 Qxe8 16. Kb1 d5 17. g5 Nd7 18. exd5 Nxb6 19. dxe6 Rd8 20. exf7+ Qxf7 21. Qe2 Nd4 22. Nxd4 exd4 23. Qe4 Bb4 24. a3 Bc5 25. Bd3 g6 26. h4 Nd5 27. Rde1 Ne3 28. b3 Re8 29. Bc4 Rxe4 30. Bxf7+ Kxf7 31. fxe4 Ke6 32. b4 Be7 33. c3 Nc4 34. cxd4 Nxa3+ 35. Kb2 Bxb4 36. Rc1 Nb5 37. Kb3 a5 38. Rc4 Nd6 39. Rc7 Nb5 40. d5+ Ke5 41. Rxb7 Nd4+ 42. Kc4 Kxe4 43. Rxh7 Nf5 44. Rh8 Nd6+ 45. Kb3 Kxd5 46. h5 gxh5 47. R8xh5 Ne8 48. g6+ Ke6 49. Rg1 Ng7 50. Rh7 Bf8 51. Rh8 Be7 52. Rg8 Bf6 53. Ka4 Bc3 54. Rg3 Bf6 55. Kxa5 Kf5 56. Kb5 Kf4 57. Rg1 Kf5 58. Rf8 Ke6 59. Re1+ Be5 60. Rg8 Kf6 61. Rxe5 1-0

[Event "GRE-chT Online Rapid (Women) 1st"]
[Site "Tornelo INT"]
[Date "2021.02.20"]
[Round "1.1"]
[White "Botsari, Anna Maria"]
[Black "Sklavounou, Iliana"]
[Result "1-0"]
[WhiteElo "2222"]
[BlackElo "1355"]
[PlyCount "103"]
[EventDate "2021.02.20"]
[EventType "team-swiss (rapid)"]
[EventRounds "9"]
[EventCountry "GRE"]
[SourceTitle "EXT 2023"]
[Source "ChessBase"]
[SourceDate "2022.10.05"]
[SourceVersion "1"]
[SourceVersionDate "2022.10.05"]
[SourceQuality "1"]

1. d4 Nf6 2. c4 e6 3. g3 d5 4. Nf3 Be7 5. Bg2 0-0 6. Qc2 c6 7. Nbd2 Nbd7 8. 0-0 dxc4 9. Nxc4 Nd5 10. a3 N7f6 11. Rd1 Bd7 12. e4 Nb6 13. Na5 Bc8 14. b4 Re8 15. Bf4 Bf8 16. h4 Nbd7 17. Ne5 Qb6 18. Nec4 Qd8 19. Nd6 Bxd6 20. Bxd6 Nb6 21. e5 Nfd5 22. Nb3 Na4 23. Rd3 Nab6 24. Rb1 Bd7 25. Nc5 Qc8 26. Ne4 a5 27. bxa5 Rxa5 28. Bb4 Nxb4 29. axb4 Ra8 30. Nd6 Qc7 31. Nxe8 Bxe8 32. b5 f6 33. Re3 Bg6 34. Be4 Nd5 35. Bxg6 Nxe3 36. Bxh7+ Kh8 37. fxe3 fxe5 38. Kg2 Qd7 39. dxe5 Qd5+ 40. Qe4 Ra2+ 41. Kh3 Qxe4 42. Bxe4 cxb5 43. Rxb5 Kg8 44. Rxb7 Ra3 45. Bg6 Ra8 46. Kg4 Kf8 47. h5 Ra4+ 48. e4 Ra5 49. Kf4 Ra1 50. Rf7+ Kg8 51. Re7 Kf8 52. Re8# 1-0

[Event "GRE-chT Online Rapid (Women) 1st"]
[Site "Tornelo INT"]
[Date "2021.02.20"]
[Round "3.6"]
[White "Daniilidi, Dimitra Lydia"]
[Black "Sklavounou, Iliana"]
[Result "0-1"]
[WhiteElo "1423"]
[BlackElo "1355"]
[PlyCount "122"]
[EventDate "2021.02.20"]
[EventType "team-swiss (rapid)"]
[EventRounds "9"]
[EventCountry "GRE"]
[SourceTitle "EXT 2023"]
[Source "ChessBase"]
[SourceDate "2022.10.05"]
[SourceVersion "1"]
[SourceVersionDate "2022.10.05"]
[SourceQuality "1"]

1. e4 c5 2. c3 d6 3. d4 cxd4 4. cxd4 Nf6 5. Nc3 e6 6. Bd3 Be7 7. Nf3 0-0 8. 0-0 d5 9. e5 Nfd7 10. Qc2 g6 11. Bh6 Re8 12. Nb5 Nc6 13. Rac1 Bf8 14. Qd2 a6 15. Nc3 f6 16. exf6 Qxf6 17. Bb1 Nb6 18. Bg5 Qf7 19. Ne5 Nxe5 20. dxe5 Nc4 21. Qe2 Bd7 22. Ne4 dxe4 23. Qxc4 Bb5 24. Qxe4 Bxf1 25. Rxf1 Rac8 26. h4 b5 27. Qg4 Rc4 28. f4 Bc5+ 29. Kh2 h5 30. Qg3 Rc8 31. Bf6 Kh7 32. Qg5 Bf8 33. Qxh5+ Bh6 34. f5 gxh5 35. fxe6+ Qg6 36. Bxg6+ Kxg6 37. Rf3 Bf4+ 38. Kh3 Bc1 39. e7 Bxb2 40. g3 Re8 41. Rd3 Bd4 42. a3 a5 43. Rf3 b4 44. axb4 a4 45. b5 Rc3 46. Rf4 Rd3 47. b6 a3 48. b7 a2 49. Rf1 a1Q 50. Rxa1 Bxa1 51. Kg2 Rd2+ 52. Kf3 Rb2 53. g4 hxg4+ 54. Kxg4 Rxb7 55. h5+ Kh7 56. Kf5 Rbxe7 57. Bxe7 Rxe7 58. h6 Rxe5+ 59. Kf6 Ra5+ 60. Kf7 Kxh6 61. Ke6 Kg5 0-1

[Event "GRE-chT Online Rapid (Women) 1st"]
[Site "Tornelo INT"]
[Date "2021.02.20"]
[Round "4.5"]
[White "Kapia, Aggeliki"]
[Black "Sklavounou, Iliana"]
[Result "0-1"]
[WhiteElo "1310"]
[BlackElo "1355"]
[PlyCount "70"]
[EventDate "2021.02.20"]
[EventType "team-swiss (rapid)"]
[EventRounds "9"]
[EventCountry "GRE"]
[SourceTitle "EXT 2023"]
[Source "ChessBase"]
[SourceDate "2022.10.05"]
[SourceVersion "1"]
[SourceVersionDate "2022.10.05"]
[SourceQuality "1"]

1. d4 Nf6 2. Nf3 e6 3. e3 d5 4. Bd3 Be7 5. 0-0 0-0 6. Nbd2 c5 7. b3 Nc6 8. Bb2 Bd7 9. c4 dxc4 10. bxc4 cxd4 11. exd4 Rc8 12. a3 Na5 13. Rc1 Bc6 14. Ne5 Bd6 15. f4 Qe7 16. Ra1 Rfd8 17. Ndf3 Bxf3 18. Qxf3 Nb3 19. Bxh7+ Nxh7 20. Qxb3 Nf6 21. Rad1 Nh5 22. Qf3 Nf6 23. c5 Bc7 24. a4 Nd5 25. Ba3 Qe8 26. Qh5 Nf6 27. Qh4 Nd5 28. Rf3 f6 29. Nc4 Qxa4 30. Nb2 Qc2 31. Rh3 Nxf4 32. Qg4 Nxh3+ 33. Qxh3 Re8 34. Qf3 Ba5 35. Qe3 e5 0-1

[Event "GRE-ch Online Blitz (Women) 1st"]
[Site "Tornelo INT"]
[Date "2021.02.07"]
[Round "15"]
[White "Christodoulou, Georgia"]
[Black "Sklavounou, Iliana"]
[Result "0-1"]
[WhiteElo "1224"]
[BlackElo "1108"]
[PlyCount "94"]
[EventDate "2021.02.07"]
[EventType "swiss (blitz)"]
[EventRounds "16"]
[EventCountry "GRE"]
[SourceTitle "EXT 2023"]
[Source "ChessBase"]
[SourceDate "2022.10.05"]
[SourceVersion "1"]
[SourceVersionDate "2022.10.05"]
[SourceQuality "1"]

1. e4 c5 2. c3 d6 3. d4 cxd4 4. cxd4 Nf6 5. Nc3 e6 6. Bb5+ Bd7 7. Bxd7+ Nbxd7 8. Nf3 Nb6 9. 0-0 Be7 10. Be3 0-0 11. Rc1 Nc4 12. b3 Nxe3 13. fxe3 Rc8 14. e5 dxe5 15. Nxe5 Nd5 16. Nxd5 exd5 17. Qf3 Bf6 18. Rxc8 Qxc8 19. Qxd5 Qc3 20. Ng4 Be7 21. Qxb7 Re8 22. Qf3 f6 23. Qd5+ Kf8 24. e4 Rd8 25. Qc4 Qxd4+ 26. Qxd4 Rxd4 27. e5 Rxg4 28. exf6 Bxf6 29. h3 Re4 30. Rf2 Re1+ 31. Kh2 Ra1 32. g4 Kg8 33. Re2 Rc1 34. b4 Rb1 35. a3 Ra1 36. Re3 Ra2+ 37. Kg3 Kf7 38. Rd3 Be5+ 39. Kf3 Rh2 40. Rd7+ Kg6 41. Rxa7 Rxh3+ 42. Ke4 Bb2 43. Ra6+ Kg5 44. Ra7 Kxg4 45. a4 Rb3 46. b5 Rb4+ 47. Kd5 Rb3 0-1

[Event "GRE-ch Online Blitz (Women) 1st"]
[Site "Tornelo INT"]
[Date "2021.02.07"]
[Round "10"]
[White "Sklavounou, Iliana"]
[Black "Tsapaki, Asimenia"]
[Result "0-1"]
[WhiteElo "1108"]
[BlackElo "1265"]
[PlyCount "68"]
[EventDate "2021.02.07"]
[EventType "swiss (blitz)"]
[EventRounds "16"]
[EventCountry "GRE"]
[SourceTitle "EXT 2023"]
[Source "ChessBase"]
[SourceDate "2022.10.05"]
[SourceVersion "1"]
[SourceVersionDate "2022.10.05"]
[SourceQuality "1"]

1. e4 c5 2. Nf3 Nf6 3. Nc3 d5 4. e5 Nfd7 5. d3 e6 6. Bf4 Be7 7. Qd2 0-0 8. 0-0-0 Nc6 9. Re1 a6 10. h4 b5 11. h5 b4 12. Na4 Qa5 13. b3 Nb6 14. Nxb6 Qxb6 15. Kb2 a5 16. g4 a4 17. g5 Qa6 18. d4 Qa7 19. g6 axb3 20. cxb3 Qxa2+ 21. Kc1 Qa1+ 22. Kc2 Ra2+ 23. Kd3 Rxd2+ 24. Nxd2 Qxd4+ 25. Kc2 Qxf4 26. gxh7+ Kxh7 27. Bd3+ Kg8 28. h6 gxh6 29. Reg1+ Bg5 30. Nf1 Bd7 31. Ne3 Qxf2+ 32. Kb1 Qxe3 33. Bc2 Ra8 34. Rg2 Qc3 0-1

[Event "GRE-ch Online Rapid (Women) 1st"]
[Site "Tornelo INT"]
[Date "2021.02.06"]
[Round "5"]
[White "Kratimenou, Georgia"]
[Black "Sklavounou, Iliana"]
[Result "1-0"]
[WhiteElo "1220"]
[BlackElo "1185"]
[PlyCount "123"]
[EventDate "2021.02.06"]
[EventType "swiss (rapid)"]
[EventRounds "8"]
[EventCountry "GRE"]
[SourceTitle "EXT 2023"]
[Source "ChessBase"]
[SourceDate "2022.10.05"]
[SourceVersion "1"]
[SourceVersionDate "2022.10.05"]
[SourceQuality "1"]

1. e4 c5 2. Nf3 d6 3. d4 cxd4 4. Nxd4 Nf6 5. Nc3 a6 6. Be2 e5 7. Nf3 Be7 8. Bg5 Nbd7 9. Qd2 Nc5 10. Bxf6 Bxf6 11. Rd1 Be7 12. Bc4 0-0 13. 0-0 Bg4 14. Qe3 Kh8 15. h3 Bh5 16. Rd5 b5 17. Bb3 Nxb3 18. axb3 Qc8 19. Rd2 f5 20. Nd5 Bd8 21. Re2 fxe4 22. Qxe4 Bxf3 23. gxf3 Qxh3 24. Re3 Qh5 25. f4 exf4 26. Nxf4 d5 27. Nxh5 dxe4 28. Rxe4 Bb6 29. Re6 Bd4 30. c3 Bf6 31. Nxf6 gxf6 32. Rd1 Rg8+ 33. Kf1 f5 34. Rf6 Rg5 35. Rd5 Rb8 36. Rdxf5 Rxf5 37. Rxf5 b4 38. c4 Rd8 39. Rf6 Rd2 40. Rxa6 Rxb2 41. Rb6 Rxb3 42. c5 Rb1+ 43. Kg2 b3 44. c6 b2 45. c7 Rc1 46. Rxb2 Rxc7 47. Re2 Rg7+ 48. Kh2 h5 49. Re5 Rh7 50. Rg5 Rh6 51. Kh3 Kh7 52. Kh4 Rf6 53. Rxh5+ Kg7 54. Rg5+ Kf7 55. Kg3 Rg6 56. Rxg6 Kxg6 57. Kg4 Kf7 58. Kf5 Kg7 59. Ke6 Kf8 60. f4 Ke8 61. f5 Kf8 62. Kf6 1-0

[Event "GRE-ch Online Rapid (Women) 1st"]
[Site "Tornelo INT"]
[Date "2021.02.06"]
[Round "4"]
[White "Sklavounou, Iliana"]
[Black "Dereka, Konstantina"]
[Result "0-1"]
[WhiteElo "1185"]
[BlackElo "1271"]
[PlyCount "122"]
[EventDate "2021.02.06"]
[EventType "swiss (rapid)"]
[EventRounds "8"]
[EventCountry "GRE"]
[SourceTitle "EXT 2023"]
[Source "ChessBase"]
[SourceDate "2022.10.05"]
[SourceVersion "1"]
[SourceVersionDate "2022.10.05"]
[SourceQuality "1"]

1. e4 Nf6 2. e5 Nd5 3. d4 d6 4. c4 Nb6 5. exd6 exd6 6. Nf3 Be7 7. Nc3 0-0 8. Be2 Bg4 9. 0-0 Nc6 10. Be3 Bxf3 11. gxf3 f5 12. Bf4 g5 13. Bc1 Qe8 14. f4 g4 15. f3 h5 16. fxg4 hxg4 17. Rf2 Bf6 18. Nb5 Qe7 19. d5 Na5 20. Rg2 Naxc4 21. Bxc4 Nxc4 22. Re2 Qd7 23. Nd4 c5 24. Ne6 Rf7 25. Qd3 Nb6 26. Kf1 Bh8 27. Rg2 Re8 28. h3 Nxd5 29. Ng5 Nxf4 30. Bxf4 Rfe7 31. hxg4 fxg4 32. Bxd6 Rf8+ 33. Rf2 Rxf2+ 34. Kxf2 Bd4+ 35. Kg2 Qxd6 36. Qc4+ Kf8 37. Rf1+ Ke8 38. Qb5+ Qc6+ 39. Qxc6+ bxc6 40. Kg3 Bxb2 41. Kxg4 Rg7 42. Re1+ Kd7 43. Rd1+ Kc8 44. Kf5 Rb7 45. Ne6 Rd7 46. Rxd7 Kxd7 47. Nxc5+ Kd6 48. Ne4+ Kd5 49. Nd2 Bc3 50. Nb3 Kc4 51. Ke6 c5 52. Kd6 Bb4 53. Kc6 a5 54. Kb6 a4 55. Nc1 Kc3 56. Ne2+ Kb2 57. Kb5 a3 58. Kc4 Kxa2 59. Nc1+ Kb2 60. Nd3+ Kc2 61. Nxb4+ cxb4 0-1

[Event "GRE-ch Online Rapid (Women) 1st"]
[Site "Tornelo INT"]
[Date "2021.02.06"]
[Round "2"]
[White "Sklavounou, Iliana"]
[Black "Nyktari, Anna Maria"]
[Result "1-0"]
[WhiteElo "1185"]
[BlackElo "1103"]
[PlyCount "93"]
[EventDate "2021.02.06"]
[EventType "swiss (rapid)"]
[EventRounds "8"]
[EventCountry "GRE"]
[SourceTitle "EXT 2023"]
[Source "ChessBase"]
[SourceDate "2022.10.05"]
[SourceVersion "1"]
[SourceVersionDate "2022.10.05"]
[SourceQuality "1"]

1. e4 c5 2. Nf3 e6 3. d4 cxd4 4. Nxd4 Nc6 5. Nc3 Qc7 6. g3 a6 7. Bg2 Nf6 8. 0-0 Nxd4 9. Qxd4 Bc5 10. Bf4 Bxd4 11. Bxc7 0-0 12. Bd6 Re8 13. Bf3 h6 14. e5 Nh7 15. Rfd1 Bb6 16. Na4 Ba7 17. Nc5 Bxc5 18. Bxc5 f6 19. exf6 Nxf6 20. Bd6 e5 21. Re1 e4 22. Bg2 b5 23. f3 Bb7 24. f4 Rac8 25. c3 Re6 26. Be5 d5 27. Rad1 Ng4 28. Bh3 h5 29. Bd4 Ree8 30. a3 Rc6 31. Bxg4 hxg4 32. Kg2 Rce6 33. Be5 Rf8 34. Rh1 g5 35. h3 gxf4 36. gxf4 Rg6 37. hxg4 Rxg4+ 38. Kh3 Rg6 39. Rdg1 Rxg1 40. Rxg1+ Kh7 41. Rg7+ Kh6 42. Rxb7 Rg8 43. Rb6+ Kh7 44. Rxa6 e3 45. Ra7+ Kh6 46. Re7 e2 47. Bd4 1-0

[Event "GRE-ch U20 Girls"]
[Site "Trikala"]
[Date "2020.08.19"]
[Round "4"]
[White "Bania, Eleni"]
[Black "Sklavounou, Iliana"]
[Result "1-0"]
[WhiteElo "1490"]
[BlackElo "1284"]
[PlyCount "51"]
[EventDate "2020.08.17"]
[EventType "swiss"]
[EventRounds "9"]
[EventCountry "GRE"]
[SourceTitle "CBM 198 Extra"]
[Source "ChessBase"]
[SourceDate "2020.11.30"]
[SourceVersion "1"]
[SourceVersionDate "2020.11.30"]
[SourceQuality "1"]

1. e4 c5 2. Nf3 d6 3. d4 cxd4 4. Nxd4 Nf6 5. Nc3 a6 6. Be3 e5 7. Nb3 Be7 8. h3 0-0 9. Qe2 b5 10. a3 Re8 11. 0-0-0 Bb7 12. f3 Nbd7 13. g4 Nb6 14. Na5 Qc7 15. h4 Rac8 16. h5 Nc4 17. Nxc4 bxc4 18. g5 Nd7 19. Bh3 Rcd8 20. g6 h6 21. gxf7+ Kxf7 22. Qg2 Bf6 23. Rhg1 Nf8 24. Bxh6 gxh6 25. Qg8+ Ke7 26. Rg7+ 1-0

[Event "GRE-chT U16"]
[Site "Thessaloniki"]
[Date "2019.11.29"]
[Round "2.2"]
[White "Kafantaris, Pavlos"]
[Black "Sklavounou, Iliana"]
[Result "1-0"]
[WhiteElo "1614"]
[BlackElo "1226"]
[PlyCount "135"]
[EventDate "2019.11.28"]
[EventType "team-swiss"]
[EventRounds "6"]
[EventCountry "GRE"]
[SourceTitle "CBM 193 Extra"]
[Source "ChessBase"]
[SourceDate "2020.01.31"]
[SourceVersion "1"]
[SourceVersionDate "2020.01.31"]
[SourceQuality "1"]
[WhiteTeam "Triandrias"]
[BlackTeam "Kerkiras"]
[WhiteTeamCountry "GRE"]
[BlackTeamCountry "GRE"]

1. Nf3 Nf6 2. c4 e6 3. g3 Be7 4. Bg2 0-0 5. 0-0 d5 6. d4 c5 7. cxd5 Nxd5 8. e4 Nf6 9. Nc3 Re8 10. h3 Nc6 11. Be3 Qb6 12. Na4 Qb5 13. dxc5 Nxe4 14. Nd4 Nxd4 15. Bxe4 e5 16. Bxd4 exd4 17. Re1 Be6 18. b3 Rab8 19. Rc1 Red8 20. Bd3 Qd7 21. Qe2 Bf8 22. Bb5 Qc8 23. h4 Bg4 24. f3 Bf5 25. Bd3 g6 26. Bxf5 Qxf5 27. Qe4 Qh3 28. Qg4 Qxg4 29. fxg4 d3 30. Rcd1 Bg7 31. Rd2 Rd4 32. Red1 Rbd8 33. Kg2 f6 34. Nb2 Bh6 35. Rxd3 Rxd3 36. Rxd3 Rxd3 37. Nxd3 Be3 38. Kf3 Bd2 39. Ke2 Bc3 40. Ke3 Kf7 41. Ke4 Ke7 42. Kd5 Ba5 43. b4 Bc7 44. Nf4 Be5 45. b5 Bc7 46. a3 Be5 47. a4 Bc7 48. Ke4 Ba5 49. h5 g5 50. Nd5+ Ke6 51. c6 bxc6 52. bxc6 h6 53. c7 Kd7 54. Nxf6+ Kxc7 55. Ng8 Be1 56. Nxh6 Bxg3 57. Nf7 Be1 58. Nxg5 Kb6 59. Nf7 Bc3 60. Ne5 Kc5 61. g5 Kd6 62. Nf7+ Ke7 63. Nh6 Kf8 64. Kf5 Kg7 65. Ng4 a5 66. h6+ Kf8 67. Nf6 Bd2 68. Kg6 1-0

[Event "GRE-ch U14 Girls"]
[Site "Patras"]
[Date "2019.06.26"]
[Round "3.11"]
[White "Tsivelekidou, Anthoula Elpida"]
[Black "Sklavounou, Iliana"]
[Result "1/2-1/2"]
[WhiteElo "1312"]
[BlackElo "1253"]
[PlyCount "129"]
[EventDate "2019.06.25"]
[EventType "swiss"]
[EventRounds "9"]
[EventCountry "GRE"]
[SourceTitle "EXT 2020"]
[Source "ChessBase"]
[SourceDate "2019.10.17"]
[SourceVersion "1"]
[SourceVersionDate "2019.10.17"]
[SourceQuality "1"]
[WhiteTeam "Greece"]
[BlackTeam "Greece"]
[WhiteTeamCountry "GRE"]
[BlackTeamCountry "GRE"]

1. d4 Nf6 2. c4 e6 3. Nf3 d5 4. Bg5 Be7 5. e3 h6 6. Bh4 Nbd7 7. Nc3 0-0 8. Qc2 b6 9. cxd5 exd5 10. Bd3 c6 11. 0-0 Re8 12. Rac1 Nh5 13. Bxe7 Qxe7 14. a3 Nhf6 15. Rfd1 Ne4 16. Na2 Bb7 17. Nb4 Rac8 18. Qa4 c5 19. Na2 Ra8 20. Bb5 Red8 21. Bxd7 Rxd7 22. Nc3 f6 23. Qc2 Rc8 24. Qe2 Qf7 25. dxc5 bxc5 26. Nxe4 dxe4 27. Nd2 Qe6 28. Qc4 Bd5 29. Qc3 Rb7 30. b4 c4 31. Nb3 Rbc7 32. Nc5 Qc6 33. Qd4 Be6 34. Qd6 Bf7 35. Qxc6 Rxc6 36. Nxe4 a5 37. Nd6 R8c7 38. Nxf7 Kxf7 39. b5 Rc5 40. a4 c3 41. Kf1 Rc4 42. Rd4 Rb4 43. Ke1 Rxd4 44. exd4 Rc4 45. b6 Rxa4 46. b7 Rb4 47. Rxc3 Rxb7 48. Ra3 Rd7 49. Ra4 Rd5 50. Kd2 Ke6 51. Kd3 Kf5 52. Kc4 Ke6 53. g4 f5 54. f3 fxg4 55. fxg4 h5 56. gxh5 Rxh5 57. Ra2 Rf5 58. Re2+ Kd7 59. Rb2 Ke6 60. Rb6+ Ke7 61. Rb7+ Kf6 62. Rb2 Ke6 63. Ra2 g5 64. Rg2 Kd6 65. Ra2 1/2-1/2

[Event "GRE-ch U12 Girls"]
[Site "Rio Achaia"]
[Date "2018.07.09"]
[Round "9"]
[White "Kratimenou, Georgia"]
[Black "Sklavounou, Iliana"]
[Result "0-1"]
[WhiteElo "1436"]
[BlackElo "1211"]
[PlyCount "114"]
[EventDate "2018.07.03"]
[EventType "swiss"]
[EventRounds "9"]
[EventCountry "GRE"]
[SourceTitle "EXT 2019"]
[Source "ChessBase"]
[SourceDate "2018.10.10"]
[SourceVersion "1"]
[SourceVersionDate "2018.10.10"]
[SourceQuality "1"]

1. e4 e5 2. Nf3 Nc6 3. d4 exd4 4. Nxd4 Bb4+ 5. c3 Bc5 6. Be3 Bb6 7. Nf5 Bxe3 8. Nxe3 d6 9. f3 Nf6 10. Be2 0-0 11. 0-0 Re8 12. c4 Ne5 13. Nc3 c6 14. f4 Ng6 15. Qc2 Qb6 16. Qd3 Qxb2 17. Rab1 Qa3 18. Rb3 Qa5 19. f5 Nf8 20. Qxd6 Nxe4 21. Nxe4 Rxe4 22. a3 Re8 23. f6 Re6 24. Qd4 Qe5 25. Qxe5 Rxe5 26. fxg7 Kxg7 27. Rf3 Ng6 28. Rg3 Kf8 29. Bf3 Be6 30. Kf2 Rc5 31. Rxb7 Bxc4 32. Nxc4 Rxc4 33. Rc7 Ne5 34. Rh3 Kg8 35. Rh6 Nxf3 36. gxf3 Ra4 37. Rf6 Rf8 38. Rcxc6 Rxa3 39. Ra6 Rxa6 40. Rxa6 Ra8 41. Kg3 Kg7 42. Kf4 Kf8 43. h4 Kg7 44. h5 h6 45. Kf5 Kh7 46. Kf6 Kg8 47. f4 Kf8 48. f5 Kg8 49. Ke7 Kh7 50. Kxf7 Rg8 51. Rxa7 Rg7+ 52. Kf8 Rxa7 53. f6 Ra5 54. f7 Rxh5 55. Ke7 Rf5 56. Ke6 Rxf7 57. Kxf7 h5 0-1

[Event "GRE-ch U12 Girls"]
[Site "Achaia"]
[Date "2017.06.29"]
[Round "5"]
[White "Sklavounou, Iliana"]
[Black "Tsakona, Maria"]
[Result "0-1"]
[WhiteElo "1135"]
[BlackElo "1321"]
[PlyCount "66"]
[EventDate "2017.06.26"]
[EventType "swiss"]
[EventRounds "9"]
[EventCountry "GRE"]
[SourceTitle "CBM 179 Extra"]
[Source "ChessBase"]
[SourceDate "2017.08.23"]
[SourceVersion "1"]
[SourceVersionDate "2017.08.23"]
[SourceQuality "1"]

1. e4 c5 2. d4 cxd4 3. c3 g6 4. cxd4 d5 5. e5 Bg7 6. Nf3 Nc6 7. Nc3 a6 8. Be2 Bg4 9. 0-0 e6 10. h3 Bxf3 11. Bxf3 Qb6 12. Ne2 Nge7 13. Qb3 Qxb3 14. axb3 Nf5 15. Rd1 0-0 16. Bg4 Nfe7 17. Bg5 Nc8 18. h4 h6 19. Bf6 Bxf6 20. exf6 h5 21. Bh3 Nd6 22. f3 Ne8 23. Kf2 Nxf6 24. Rg1 b6 25. Rad1 Na5 26. Nc1 Rac8 27. Rd2 Rc7 28. b4 Nb7 29. Nb3 Nd6 30. g3 Rc4 31. Nc1 Rxb4 32. Ne2 Nc4 33. Rd3 Rxb2 0-1

[Event "GRE-ch U12 Girls"]
[Site "Achaia"]
[Date "2017.06.27"]
[Round "2"]
[White "Sklavounou, Iliana"]
[Black "Pechlivanidou, Kalipso"]
[Result "1-0"]
[WhiteElo "1135"]
[BlackElo "1033"]
[PlyCount "21"]
[EventDate "2017.06.26"]
[EventType "swiss"]
[EventRounds "9"]
[EventCountry "GRE"]
[SourceTitle "CBM 179 Extra"]
[Source "ChessBase"]
[SourceDate "2017.08.23"]
[SourceVersion "1"]
[SourceVersionDate "2017.08.23"]
[SourceQuality "1"]

1. e4 c5 2. d4 cxd4 3. c3 Nf6 4. e5 Nd5 5. cxd4 e6 6. Nf3 Nc6 7. Bc4 Nce7 8. 0-0 b6 9. Nbd2 Bb7 10. Ne4 h6 11. Nd6# 1-0